Treasury of the true dharma eye: Dōgen's "Shōbōgenzō"

"This publication represents an English rendering of one of the great classics of Japanese Buddhism, the Shōbōgenzō, by Dōgen (1200-1253), founder of the Sōtō Zen school. The translation was produced by the Sōtō Zen Text Project, a team of scholars working under the auspices of the Administrati...

Full description

Saved in:  
Bibliographic Details
Main Author: Dōgen 1200-1253 (Author)
Corporate Author: Sōtō Zen Text Project. ÜbersetzerIn (Translator)
Format: Print Book
Language:English
Japanese
Subito Delivery Service: Order now.
Check availability: HBZ Gateway
WorldCat: WorldCat
Book acquisition:
Drawer...
Interlibrary Loan:Interlibrary Loan for the Fachinformationsdienste (Specialized Information Services in Germany)
Published: Tokyo Sōtōshū Shūmuchō [2023]
Honolulu University of Hawaiʻi Press [2023]
In:Year: 2023
Standardized Subjects / Keyword chains:B Sōtōshū / Dōgen 1200-1253, Shōbō genzō / Translation / English language
Further subjects:B Sōtōshū Doctrines Early works to 1800
B Spring

MARC

LEADER 00000cam a2200000 ca4500
001 1883835461
003 DE-627
005 20251226214446.0
007 tu
008 240319m20232023ja ||||| 00| ||eng c
010 |a  2024004760 
020 |a 9780824899257  |c set ; paperback  |9 978-0-8248-9925-7 
035 |a (DE-627)1883835461 
035 |a (DE-599)KXP1883835461 
035 |a (OCoLC)1527607573 
040 |a DE-627  |b ger  |c DE-627  |e rda 
041 |a eng  |a jpn  |h jpn 
044 |c XB-JP  |c XD-US 
050 0 |a BQ9449.D653 
082 0 |a 294.3/85  |q DLC  |2 23/eng/20240318 
084 |a 0  |2 ssgn 
084 |a ASIEN  |q DE-1a  |2 fid 
084 |a 11.93  |2 bkl 
100 0 |e VerfasserIn  |0 (DE-588)118526413  |0 (DE-627)079327508  |0 (DE-576)160788943  |4 aut  |a Dōgen  |d 1200-1253 
109 |a Dōgen 1200-1253 
192 |a 1 
240 1 0 |a Shōbō genzō 
245 1 0 |a Treasury of the true dharma eye  |b Dōgen's "Shōbōgenzō"  |c an annotated translation by the Sōtō Zen Text Project 
264 1 |a Tokyo  |b Sōtōshū Shūmuchō  |c [2023] 
264 1 |a Honolulu  |b University of Hawaiʻi Press  |c [2023] 
336 |a Text  |b txt  |2 rdacontent 
337 |a ohne Hilfsmittel zu benutzen  |b n  |2 rdamedia 
338 |a Band  |b nc  |2 rdacarrier 
500 |a Published in Japan by Sōtōshū Shūmuchō, 2023 
500 |a Includes bibliographical references and index 
520 |a "This publication represents an English rendering of one of the great classics of Japanese Buddhism, the Shōbōgenzō, by Dōgen (1200-1253), founder of the Sōtō Zen school. The translation was produced by the Sōtō Zen Text Project, a team of scholars working under the auspices of the Administrative Headquarters of Sōtō Zen Buddhism. It is based on the Japanese edition of the Shōbōgenzō in Kawamura Kōdō, ed., Dōgen zenji zenshū, volumes 1-2, which provides what are thought to be the most authoritative compilations of Dōgen's Shōbōgenzō essays, in seventy-five and twelve chapters, supplemented by sixteen additional texts. The translations, in seven volumes, are aimed at both professional and lay audiences. They are accompanied by the Japanese texts and by extensive annotation on the language, literary sources, and interpretations of those texts. An eighth volume provides a lengthy study of the history and contents of the Shōbōgenzō, supplementary notes to the translation, and an extensive bibliography of primary and secondary works"-- 
610 1 0 |a Sōtōshū  |x Doctrines  |v Early works to 1800  |2 DLC 
655 7 |a Quelle  |0 (DE-588)4135952-5  |0 (DE-627)105661236  |0 (DE-576)209665084  |2 gnd-content 
689 0 0 |d s  |0 (DE-588)4246308-7  |0 (DE-627)104820381  |0 (DE-576)21047842X  |2 gnd  |a Sōtō-Schule 
689 0 1 |d u  |0 (DE-588)4280028-6  |0 (DE-627)104130032  |0 (DE-576)210754052  |a Dōgen  |2 gnd  |d 1200-1253  |t Shōbō genzō 
689 0 2 |d s  |0 (DE-588)4061418-9  |0 (DE-627)104221534  |0 (DE-576)209139684  |2 gnd  |a Übersetzung 
689 0 3 |d s  |0 (DE-588)4014777-0  |0 (DE-627)106338749  |0 (DE-576)208909400  |2 gnd  |a Englisch 
689 0 |5 (DE-627) 
710 2 |a Sōtō Zen Text Project  |e ÜbersetzerIn  |4 trl 
776 0 8 |i Erscheint auch als  |n Online-Ausgabe  |t Treasury of the true dharma eye  |d Honolulu : University of Hawaiʻi Press, 2024  |z 9798880700264  |w (DLC)2024004761 
936 b k |a 11.93  |j Buddhismus  |0 (DE-627)106415336 
951 |a MC 
ELC |b 1 
ORI |a SA-MARC-ixtheo_oa001.raw 
REL |a 1 
STA 0 0 |a English language,Sōtōshū,Translation,Translations 
STB 0 0 |a Anglais,Traduction,Traductions,École Sōtō 
STC 0 0 |a Escuela soto,Inglés,Traducción 
STD 0 0 |a Inglese,Scuola soto <zen>,Sōtō-shū,Sōtō-shū,Traduzione 
STE 0 0 |a 翻译,英语,英文 
STF 0 0 |a 日本曹洞宗,翻譯,英語,英文 
STG 0 0 |a Escola soto,Inglês,Tradução 
STH 0 0 |a Английский (язык),Перевод (лингвистика),Сото-сю 
STI 0 0 |a Αγγλική γλώσσα,Μετάφραση,Σχολή Σότο,Sōtō-shū 
SUB |a REL 
SYG 0 0 |a Sōtō-shū,Soto Zen , Dōgen,1200-1253,Shōbō-genzō,Dōgen,1200-1253,Shôbôgenzô,Dōgen,1200-1253,Treasury of the True Dharma Eye,Dōgen,1200-1253,La vraie loi, trésor de l'œil,Dōgen,1200-1253,Schatzkammer des wahren Dharma-Auges,Dōgen,1200-1253,正法眼蔵,Dōgen,1200-1253,正法眼藏 , Sprachübersetzung,Translation,Textübersetzung,Übersetzen,Übertragung,Sprachmitteln,Sprachmittlung , Britisches Englisch,Englische Sprache